|
|
|
|
| LEADER |
00871nas a2200253 u 4500 |
| 001 |
10028160 |
| 003 |
upatras |
| 005 |
20210117195640.0 |
| 008 |
860620s1??? ge u | mul |
| 022 |
|
|
|a 0029-5035
|
| 040 |
|
|
|a GR-PaULI
|c GR-PaULI
|
| 041 |
0 |
|
|a mul
|
| 082 |
0 |
4 |
|a 58
|
| 222 |
|
0 |
|a Nova hedwigia
|b [Περιοδικό]
|
| 245 |
1 |
0 |
|a Nova hedwigia
|h [Περιοδικό]
|
| 260 |
|
|
|a Braunschweig
|b Cramer
|
| 310 |
|
|
|a Αγνωστη
|
| 362 |
0 |
|
|a 14(1967) - 41(1985)
|
| 852 |
|
|
|a GR-PaULI
|b ΠΑΤΡΑ
|b ΒΚΠ
|b B
|k ΠΕΡ
|m 179
|t 1
|3 14(1967)-41(1985)
|
| 866 |
|
|
|a 14(1967)-41(1985)
|
| 942 |
|
|
|2 ddc
|s 1
|c JNL
|
| 952 |
|
|
|0 0
|1 0
|4 0
|7 0
|9 21704
|a LISP
|b LISP
|c SER
|d 2016-04-24
|i 179
|l 0
|r 2016-04-24 00:00:00
|t 1
|w 2016-04-24
|y JNL
|
| 952 |
|
|
|0 0
|1 0
|2 ddc
|4 0
|6 58_000000000000000
|7 0
|9 203394
|a LISP
|b LISP
|d 2016-04-26
|l 0
|o 58
|r 2016-04-26 00:00:00
|w 2016-04-26
|y JNL
|
| 999 |
|
|
|c 13054
|d 13054
|